| 000 | 00496nam a22001937a 4500 | ||
|---|---|---|---|
| 003 | CEME | ||
| 005 | 20210628201721.0 | ||
| 008 | 210309b xxu||||| |||| 00| 0 eng d | ||
| 020 | _a0-07-062921-8 | ||
| 040 | _c. | ||
| 082 | _a621.381 TAU'D | ||
| 100 |
_aTaub, H _956514 |
||
| 245 | _aDigital integrated electronics | ||
| 260 |
_aTOKYO _bMCGRAW HILL _c1977 |
||
| 300 | _a650P | ||
| 650 |
_aDIGITAL ELECTRONIC INTEGRATED CIRCUITS _956515 |
||
| 700 |
_aSCHILLING, D _956516 |
||
| 942 |
_cBK _2ddc |
||
| 999 |
_c566900 _d566900 |
||